Street crime : (Record no. 2218)

MARC details
000 -LEADER
fixed length control field 00692nam a2200217 a 4500
003 - CONTROL NUMBER IDENTIFIER
control field BD-DhJNU
005 - DATE AND TIME OF LATEST TRANSACTION
control field 20251009052247.0
008 - FIXED-LENGTH DATA ELEMENTS--GENERAL INFORMATION
fixed length control field 250501s2013 ii a b 001 0 eng
020 ## - INTERNATIONAL STANDARD BOOK NUMBER
International Standard Book Number 9789848810095
040 ## - CATALOGING SOURCE
Original cataloging agency BD-DhJNU
Language of cataloging ENG
Transcribing agency BD-DhJNU
Modifying agency BD-DhJNU
082 00 - DEWEY DECIMAL CLASSIFICATION NUMBER
Classification number 364.154 HAS
Edition number 23
100 1# - MAIN ENTRY--PERSONAL NAME
Personal name Haider, Mohammad Ali
245 10 - TITLE STATEMENT
Title Street crime :
Remainder of title impacts on social and economic life in chittagong city /
Statement of responsibility, etc. Mohammad Ali Haider
250 ## - EDITION STATEMENT
Edition statement 1st ed.
260 ## - PUBLICATION, DISTRIBUTION, ETC.
Place of publication, distribution, etc. Dhaka :
Name of publisher, distributor, etc. A H Development Publishing House,
Date of publication, distribution, etc. 2025.
300 ## - PHYSICAL DESCRIPTION
Extent xxxiv, 468 p. :
Other physical details ill. ;
Dimensions 23 cm.
504 ## - BIBLIOGRAPHY, ETC. NOTE
Bibliography, etc. note Includes bibliographical references.
650 #0 - SUBJECT ADDED ENTRY--TOPICAL TERM
Topical term or geographic name entry element Street crime
650 #0 - SUBJECT ADDED ENTRY--TOPICAL TERM
Topical term or geographic name entry element Socio-economic impact
942 ## - ADDED ENTRY ELEMENTS (KOHA)
Koha item type Books
Holdings
Withdrawn status Lost status Source of classification or shelving scheme Damaged status Not for loan Collection Home library Current library Shelving location Date acquired Source of acquisition Total checkouts Full call number Barcode Date last seen Copy number Price effective from Koha item type
    Dewey Decimal Classification     Non-fiction Jagannath University Central Library Jagannath University Central Library General stacks 10/09/2025 Purchased   364.154 HAS JNUCL35894 10/09/2025 1 10/09/2025 Books
    Dewey Decimal Classification     Non-fiction Jagannath University Central Library Jagannath University Central Library General stacks 10/09/2025 Purchased   364.154 HAS JNUCL35895 10/09/2025 2 10/09/2025 Books
    Dewey Decimal Classification     Non-fiction Jagannath University Central Library Jagannath University Central Library General stacks 10/09/2025 Purchased   364.154 HAS JNUCL35896 10/09/2025 3 10/09/2025 Books
    Dewey Decimal Classification     Non-fiction Jagannath University Central Library Jagannath University Central Library General stacks 10/09/2025 Purchased   364.154 HAS JNUCL35897 10/09/2025 4 10/09/2025 Books
    Dewey Decimal Classification     Non-fiction Jagannath University Central Library Jagannath University Central Library General stacks 10/09/2025 Purchased   364.154 HAS JNUCL35898 10/09/2025 5 10/09/2025 Books